000 00575cam a22001814a 4500
005 20250605164348.0
008 250528s ||||||||||||||||||||||||d
035 _a24045
040 _aGR-AtMCL
_bgre
_dGR-AtMCL
_eAACR2
245 1 _aInternational Airport Review
260 _bInternational Airport Review,
_c2016
300 _a64
520 _aEnvironmental Sustainability and Noise Abatement, The 'Smart Airport' of the Future, Passenger Experience Supplement.
700 1 _aAnutarawatr Kanokwara
_99374
942 _cCR
999 _c8946
_d8946